000 00395nam a2200133Ia 4500
008 151001s9999||||xx |||||||||||||| ||und||
100 _aछाया कुलकर्णी
245 _aकलेची वाट चालताना
250 _a1
260 _b"निखील प्रकाशन, कोल्हापूर"
260 _c2014
300 _a192
365 _b21
999 _c1001476
_d1001473